RFID Based Security System For Schools (Record no. 68290)

MARC details
000 -LEADER
fixed length control field 00459nam a22001697a 4500
082 ## - DEWEY DECIMAL CLASSIFICATION NUMBER
Classification number R/2CS18
100 ## - MAIN ENTRY--AUTHOR NAME
Personal name Tooba
100 ## - MAIN ENTRY--AUTHOR NAME
Personal name Roll No. 18CS13
100 ## - MAIN ENTRY--AUTHOR NAME
Personal name Supervisor - Dr. Imtiaz Ali Halepoto
245 ## - TITLE STATEMENT
Title RFID Based Security System For Schools
260 ## - PUBLICATION, DISTRIBUTION, ETC. (IMPRINT)
Place of publication Nawabshah
Name of publisher QUEST
Year of publication 2021
300 ## - PHYSICAL DESCRIPTION
Number of Pages 71p
700 ## - ADDED ENTRY--PERSONAL NAME
Personal name Faraz Soomro (Roll No. 18CS14)
700 ## - ADDED ENTRY--PERSONAL NAME
Personal name Kiran Soomro (Roll No. 18CS01)
700 ## - ADDED ENTRY--PERSONAL NAME
Personal name Imran (Roll No. 18CS15)
942 ## - ADDED ENTRY ELEMENTS (KOHA)
Koha item type Thesis and Dissertation
Holdings
Withdrawn status Lost status Home library Current library Date acquired Full call number Accession Number Koha item type
    Research Section Research Section 23/10/2023 R/2CS18 18CS-T198 Thesis and Dissertation